00350nam a2200157Ia 4500003000900000008004100009040001300050040001300063100001900076245003600095250001400131260001500145300000800160490000600168700001800174IT-RoPAU120407s9999 xx 000 0 und d aIT-RoPAU cIT-RoPAU aJacques Deretz aDizionario dei testi conciliari aBrescia  aQueriniana c cm v1 aAdrien Nocent